Score 0/24 Timer 04:00
0 Plays Today
Title Missing Word % Correct
Kramer ____ Kramervs.
98.2%
The 40-Year-Old ____Virgin
97.3%
____ & LouiseThelma
97.3%
As ____ as It GetsGood
97.2%
____ the ParentsMeet
96.4%
____ SlickersCity
95.8%
Planes, Trains & ____Automobiles
95.2%
The ____ ChillBig
90.9%
____ BeautyAmerican
89.9%
Unfinished ____Business
89.7%
The ____ of Madison CountyBridges
88.9%
____ Las VegasLeaving
86.5%
Title Missing Word % Correct
The Weather ____Man
85.7%
Stranger Than ____Fiction
85.4%
____ ManagementAnger
84.5%
Office ____Space
83.1%
Lost in ____Translation
83.1%
Grown ____Ups
79.6%
The ____ Life of Walter MittySecret
76.4%
Crazy, ____ , Love.Stupid
76%
The ____ in RedWoman
73.8%
The ____ Wives ClubFirst
68.5%
The Life ____ with Steve ZissouAquatic
66.8%
I ____ I Love My Wife Think
64.3%

Today's Daily Dose

Remove Ads.
Support Sporcle.
Get the best of Sporcle when you Go Orange. This ad-free experience offers more features, more stats, and more fun while also helping to support Sporcle. Thank you for becoming a member.

You're not logged in!

Compare scores with friends on all Sporcle quizzes.
OR
Log In

Show Comments

Extras

Top Quizzes Today


Score Distribution

Your Account Isn't Verified!

In order to create a playlist on Sporcle, you need to verify the email address you used during registration. Go to your Sporcle Settings to finish the process.

Report this User

Report this user for behavior that violates our Community Guidelines.

Details: